00473nam a2200181Ia 450000500170000000800410001702000150005808200210007324500570009426000360015130000180018765000110020565000120021665000230022865000100025165000140026170000160027520250213045333.0240331s9999 xx 000 0 und d a8186706127 bRAJ26003a305.4 0aSignposts:bGender Issues in Post-Independence India aNew DelhibKali for Womenc1999 aviii, 382 p., aGender aCulture aPost-Colonization  aIndia aModernity aRajan, R. S